| 000 | 00976nam a22002537a 4500 | ||
|---|---|---|---|
| 001 | 116837 | ||
| 003 | UA-OsUOA | ||
| 005 | 20260304112240.0 | ||
| 007 | ta | ||
| 008 | 20160411b un ||||| |||| 00| 0 ukr d | ||
| 020 | _a5869000157 | ||
| 040 |
_aUA-OsUOA _bukr _cUA-OsUOA _dUA-OsUOA |
||
| 041 | _aukr | ||
| 080 | _a82-94 | ||
| 090 |
_a82-94 _bК75 |
||
| 100 |
_aКох Б. _923247 |
||
| 245 |
_aСенс життя _bспогади _cБогдан Кох |
||
| 260 |
_aЛьвів _aРеспубліка Комі _aДубно _bПіраміда _c2003 |
||
| 300 | _a124 с. | ||
| 650 | 7 |
_a82-94 Історія як літературний жанр. Історичні твори. Історіографія. Хроніки. Аннали, літописи. Мемуари. Спогади. Щоденники. Біографії. Автобіографії _2UDC _923248 |
|
| 942 |
_cBK _2udc |
||
| 955 | _a3 | ||
| 999 |
_c402760 _d402760 |
||